[Event "N�-LL 2007_08"]
[Site "?"]
[Date "2008.04.27"]
[Round "13"]
[White "Degen, Gerhard"]
[Black "Rumpl, Erwin"]
[Result "0-1"]
[WhiteElo "2095"]
[BlackElo "2286"]
[Annotator "Amstetten : Schwarzatal"]
[PlyCount "78"]
[EventDate "2007.10.10"]
[SourceDate "2008.05.15"]

1. e4 g6 2. d4 Bg7 3. Nf3 d6 4. Be2 Nf6 5. Nc3 O-O 6. O-O a6 7. h3 b5 8. a3 Bb7
9. e5 Nd5 10. Ne4 Nc6 11. c4 bxc4 12. Bxc4 Nb6 13. Ba2 Nxe5 14. dxe5 Bxe4 15.
Ng5 Bb7 16. e6 f5 17. Nf7 Qe8 18. Nh6+ Kh8 19. Nf7+ Kg8 20. Nh6+ Kh8 21. Nf7+
Rxf7 22. exf7 Qc6 23. f3 d5 24. Bg5 Qd6 25. Qe1 e5 26. Rc1 Nd7 27. Qa5 c5 28.
Rfd1 Rc8 29. b4 h6 30. Bh4 e4 31. fxe4 fxe4 32. bxc5 Nxc5 33. Bf2 d4 34. Rc4 e3
35. Be1 Qc6 36. Rc2 Qe4 37. Rdc1 d3 38. Qb4 dxc2 39. Qxe4 Bxe4 0-1

[Event "N�-LL 2007_08"]
[Site "?"]
[Date "2008.04.27"]
[Round "13"]
[White "Somasundram, Jayakumar"]
[Black "Zeindl, Christoph"]
[Result "1/2-1/2"]
[WhiteElo "1962"]
[BlackElo "1910"]
[Annotator "Bad V�slau/Kottingbrunn : Krems"]
[PlyCount "25"]
[EventDate "2007.10.10"]
[SourceDate "2008.05.15"]

1. e4 c5 2. Nf3 Nc6 3. d4 cxd4 4. Nxd4 d6 5. Nc3 g6 6. Be2 Bg7 7. Be3 Nf6 8.
Nb3 h5 9. h3 Be6 10. f4 Qc8 11. Qd2 Nb4 12. Bb5+ Kf8 13. O-O 1/2-1/2